00323nam a2200121Ia 4500008004100000020001700041041000800058082001000066100002000076245006800096260002900164300000800193230822s2007 xx 000 0 und d a184533-233-4 aeng a747.9 aNIESEWAND NONIE aCONTEMPORARY DETAILS.THE DEFINITIVE INTERIOR DESIGN SOURCEBOOK. bOCTOPUS PUBLISHINGc2007 a303